000 00652nam a2200181Ia 4500
008 150610s9999 xx 000 0 und d
020 _a9780545139700
050 _aPR6068
_b.O93 H37b v.7  
100 _aRowling, J.K.
245 _aHarry Potter and the deathly hallows /
_cby J.K. Rowling ; illustrations by Mary GrandPre.
260 _aNew York :
_bA. A. Levine Books,
_c2009.
300 _a759pages :
_billustrations ;
_c20 cm.
440 _aHarry Potter ; bk. 7
_vv.7
504 _aSequel to: Harry Potter and the Half-Blood Prince.
520 _aJuvenile fiction.
650 _aEngland
_bJuvenile fiction.
650 _aMagic
_xJuvenile fiction
999 _c287930
_d287930